000 00848nab a2200253uu 4500
001 14176
003 HDC
007 cr aa aaaau
008 210214p2006 my ||||| |||| 00| 0 eng d
040 _aHDC
100 _aYam, Mun Li
_eauthor
_914775
245 4 _aThe Potential for Tocotrienols in Inflammation / by
_cYam Mun Li
260 _aKuala Lumpur :
_bMalaysian Palm Oil Board,
_c2006
300 _a1 online resource (5 pages )
336 _atext
_2rdacontent
337 _acomputer
_2rdamedia
338 _aonline resource
_2rdacarrier
650 _aInflammation
_914776
650 _aTocotrienols
_914482
856 _zRequest full-text at [email protected]
942 _2lcc
942 _cAR
942 _kJART 003379
999 _c11492
_d11492